Countries Producing the Most Corn - Statistics

General Stats
  • This quiz has been taken 76 times
  • The average score is 8 of 10
Answer Stats
metric tons Answer % Correct
377,500,000 United States
98%
224,900,000 China
97%
83,000,000 Brazil
95%
32,600,000 Mexico
94%
42,000,000 India
86%
40,000,000 Argentina
84%
17,100,000 France
77%
39,200,000 Ukraine
64%
19,000,000 Indonesia
63%
15,500,000 South Africa
53%
No matching quizzes found
Score Distribution
Percent of People with Each Score
Percentile by Number Answered
Your Score History
You have not taken this quiz